[Vladimír Makovický s manželkou Elenou a príbuznými]

Zobrazenie: Vladimír Makovický s manželkou Elenou Makovickou, rodenou Pivkovou a príbuznými v Luhačoviciach, august 1908. Na obr.: sedia zľava Elena Makovická, Ružena Houdeková, Anna Jurkovičová, stoja zľava Vladimír Makovický, syn Dušan Makovický, Otomar Houdek a Ľudovít Čulík.

Bibliographic Details
Format: Photo
Language:Slovak
PhysicalDescription:1 fotografia v hnedom tóne 6 x 9 cm
Published: [S.l. s.n.] [1908]
Subjects:

MARC

LEADER 00000nkmaa2200000 a 4500
001 vtls011916326
003 SK-MaSNL
005 20260301225322.0
007 kh ao
008 230802e1908 xr | |||0 k|slo
035 |a 505C2170-EF54-46EC-BD3F-51BAE77F7FAE 
035 |a urn:nbn:sk:snk-km43i2i 
035 |a urn:nbn:sk:snk-km00e7r5 
040 |a SNKLA  |b slo  |c SNKLA  |e AACR2 
041 0 |a slo 
044 |a xr  |c CZ 
245 0 0 |a [Vladimír Makovický s manželkou Elenou a príbuznými]  |h grafika 
260 |a [S.l.  |b s.n.]  |c [1908] 
300 |a 1 fotografia  |b v hnedom tóne  |c 6 x 9 cm 
520 2 |a Zobrazenie: Vladimír Makovický s manželkou Elenou Makovickou, rodenou Pivkovou a príbuznými v Luhačoviciach, august 1908. Na obr.: sedia zľava Elena Makovická, Ružena Houdeková, Anna Jurkovičová, stoja zľava Vladimír Makovický, syn Dušan Makovický, Otomar Houdek a Ľudovít Čulík. 
600 1 7 |a Makovický, Vladimír,  |d 1862-1944  |2 SNKMA  |9 167607 
600 1 7 |a Makovická, Elena,  |d 1870-1948  |2 SNKMA  |9 362021 
600 1 7 |a Makovický, Dušan,  |d 1894-1978  |2 SNKMA  |9 189480 
600 1 7 |a Houdeková, Ružena,  |d 1856-1918  |2 SNKMA  |9 189200 
600 1 7 |a Jurkovičová, Anna,  |d 1861-1931  |9 618732 
600 1 7 |a Houdek, Otomar,  |d 1883-1960  |2 SNKMA  |9 256688 
600 1 7 |a Čulík, Ľudovít Viliam,  |d 1848-1913  |2 SNKMA  |9 170398 
655 7 |a fotografie  |2 SNKPH  |9 70713 
852 7 |a Slovenská národná knižnica  |b Literárny archív 
958 |a ZO 
958 |a BLA 
999 |c 950463  |d 952393 
952 |a SNKLA  |b SNKLA  |c SNKLA_DEP  |y NEVYP  |7 0  |p 17A1310711  |o snkSM 4/17  |0 0  |1 0  |4 0  |d 2020-02-10  |f 1  |l 0  |r 2026-02-24 09:46:45  |w 2026-02-24